00469nam a22001577a 450000500170000001000130001702000260003003500130005603700270006908200120009610000170010824500710012526000350019627000600023130000200029120140321113604.0 aB-500323 a9780670085781c499.00 aB-500323 adplbMallika Books/Ven a330.092 aDesai, Padma aBreaking Out:ban indian woman's american journey/cby Padma Desai aNew DelhibPenguin booksc2012 a11 Community Centre, Panchsheel ParkbNew Delhie110017 a222p.c20cm(Hb)